Sports Quiz

Random Sports or Country Quiz

Olympic Boycott Countries (1980 & 1984) Quiz Stats

 Plays Quiz Updated Feb 24, 2020

     
Support Sporcle.
Go Orange.
Score 0/72 Timer 06:00
0 Plays Today
Year Country % Correct
1980 United States
95.9%
1984U.S.S.R.
84.2%
1980Canada
82.6%
1980China
80.7%
1980Japan
72.4%
1984Poland
67.8%
1984Cuba
67.3%
1984North Korea
65.1%
1980South Korea
64.2%
1984East Germany
63.1%
1980 West Germany
59.7%
1984Vietnam
58.4%
1980Egypt
58.1%
1980Argentina
57.4%
1980Israel
55.9%
1984Hungary
55.9%
1984Czechoslovakia
53.3%
1984Afghanistan
52%
1980 Pakistan
51.5%
1980 Turkey
51.5%
1980Chile
49.5%
1984Bulgaria
49.4%
1980 Norway
47.1%
1980 Saudi Arabia
46.1%
1984Laos
44.8%
1980Indonesia
42.3%
1980 Thailand
41.2%
1980 Morocco
39.9%
1980Albania
39.8%
1980Kenya
38.8%
1980 Panama
38.4%
1984Mongolia
38.3%
1980 Niger
37.5%
1984Ethiopia
36.9%
1980 Uruguay
34.7%
1984South Yemen
34%
Year Country % Correct
1980 Sudan
33.7%
1980 Paraguay
33.4%
1980 Philippines
33.2%
1980Haiti
33%
1980 Malaysia
32.7%
1980Honduras
32.3%
1980 Zaire
32%
1980Bolivia
31.5%
1984Angola
30.8%
1980 United Arab Emirates
30%
1980Chad
29.4%
1980 Tunisia
29.2%
1980 Somalia
28.3%
1980El Salvador
28%
1980The Bahamas
27.4%
1980Belize
26.3%
1980Ghana
26.3%
1980Bangladesh
26%
1980 Singapore
25.6%
1980Liberia
21%
1980Fiji
20.2%
1980Bahrain
19.4%
1980Cote d'Ivoire
19.2%
1980 Togo
18.9%
1980 Suriname
18.7%
1980Barbados
18.7%
1980Central African Republic
16.5%
1980 Monaco
14.2%
1980 Papua New Guinea
13.8%
1980Gabon
13.5%
1980Antigua and Barbuda
13.4%
1980The Gambia
13.2%
1980 Malawi
11.9%
1980 Liechtenstein
10.8%
1980 Swaziland
9%
1980 Mauritius
7.4%

From the Vault

General Knowledge Grab Bag IV

by McDavitt05

Cram some more knowledge in that brain of yours! Or better yet, share it.
Remove Ads.
Support Sporcle.
Get the best of Sporcle when you Go Orange. This ad-free experience offers more features, more stats, and more fun while also helping to support Sporcle. Thank you for becoming a member.

Show Comments

Extras

Top Quizzes Today


Score Distribution

Your Account Isn't Verified!

In order to create a playlist on Sporcle, you need to verify the email address you used during registration. Go to your Sporcle Settings to finish the process.

Report this User

Report this user for behavior that violates our Community Guidelines.

Details: